| 000 | 00643nmm a2200241 a 4500 | ||
|---|---|---|---|
| 003 | AR-BaBNM | ||
| 005 | 20251128210952.0 | ||
| 008 | 055020s2005 ||||||||||||||000 | spa|| | ||
| 020 | _a987-43-9564-8 | ||
| 040 | _cAR-BaBNM | ||
| 100 | 1 | _aMassone, María Ignacia | |
| 245 | 1 | 0 | _aCurso instrumental graficado de Lengua de Señas Argentina |
| 260 |
_aPosadas _bEditorial Pirámide _c2005 |
||
| 300 | 0 |
_a369 p. _bil. |
|
| 650 | 4 | _aEDUCACION DE SORDOS | |
| 650 | 4 | _aEDUCACION ESPECIAL | |
| 651 | 4 | _aArgentina | |
| 653 | _aLENGUA DE SENAS | ||
| 700 | 1 | _aMoroni, Edith | |
| 700 | 1 | _aSimón, Marina | |
| 942 | _cBK | ||
| 998 | _cme-calidad | ||
| 999 |
_c17679 _d17679 |
||